000 00452nam a2200145 a 4500
005 20140412111330.0
008 030206s19uu xx 00 eng d
020 _a0-86215-250-X
050 _aER
_bGr75 1985
245 _aThe green munch bunch word book /
_cillustrated by Angela Mitson and compiled by Giles Reed.
260 _aEngland :
_bStudio Publication Ltd,
_c1985.
300 _a1 v. (unp.) ; ill.
650 _aPicture word.
999 _c104866
_d104866